[Event "FRA-chT9697 final"]
[Site "Clichy"]
[Date "1997.05.02"]
[Round "9"]
[White "Kosten, Anthony C"]
[Black "Szabolcsi, Janos"]
[Result "1/2-1/2"]
[WhiteElo "2535"]
[BlackElo "2410"]

1.c4 c6 2.e4 e5 3.Nf3 Qc7 4.d4 Bb4+ 5.Nbd2 exd4 6.a3 Bxd2+ 7.Qxd2 c5 8.Qg5 Ne7
9.Qxg7 Rg8 10.Qxh7 Nbc6 11.Ng5 Nd8 12.h4 Qb6 13.Rh3 d5 14.Rf3 dxe4 15.Nxe4 f5
16.Qh5+ Nf7 17.Ng5 Be6 18.Rg3 Rh8 19.Qe2 Rxh4 20.f3 Qd6 21.Kf2 Nd8 22.Rh3 Rxh3
23.Nxh3 Ng6 24.Bd2 Nf7 25.Re1 Kd7 26.Nf4 Nxf4 27.Bxf4 Qc6 28.Qc2 Rf8 29.Bd3 Nd8
30.Rh1 Kc8 31.Qe2 Nf7 32.Re1 Nd8 33.Qe5 a6 34.Rh1 Kd7 35.Rh7+ Rf7 36.Bxf5 Rxh7
37.Bxh7 Bxc4 38.Bf5+ Be6 39.Be4 Qb6 40.Kg1 c4 41.g4 d3+ 42.Kg2 Nf7 43.Qc3 Qb5
44.Kg3 Qc5 45.Kg2 b6 46.Qg7 Ke8 47.g5 b5 48.g6 Ng5 49.Bc6+ Qxc6 50.Bxg5 Qd6
51.Qh8+ Kd7 52.Qd8+ Kc6 53.Qa8+ Kd7 54.Qd8+ Kc6 55.Qe8+ Kb7 56.Bd2 Qe5 57.Qe7+ Kc6
58.Qe8+ Kb7 59.Qe7+ Kc6 60.Qe8+ Kb7  1/2-1/2

[Event "Aruna"]
[Site "Copenhagen"]
[Date "1997.05.08"]
[Round "6"]
[White "Petursson, Margeir"]
[Black "Sokolovs, Andrei"]
[Result "1/2-1/2"]
[WhiteElo "2565"]
[BlackElo "2480"]

1.c4 c6 2.d4 d5 3.Nf3 e6 4.g3 Bd6 5.Bg2 Nd7 6.O-O Ngf6 7.Nbd2 O-O 8.Qc2 Re8
9.Re1 e5 10.cxd5 cxd5 11.dxe5 Nxe5 12.Nxe5 Bxe5 13.Nf3 Bc7 14.Bg5 Bb6 15.Rad1 h6
16.Bc1 Bg4 17.h3 Rc8 18.Qd3 Bh5 19.Qb5 Bg6 20.e3 Bc2 21.Rd2 Be4 22.b4 Qc7
23.Qe2 Bxf3  1/2-1/2

[Event "Bordeaux m2"]
[Site "Bordeaux"]
[Date "1997.05.24"]
[Round "1.1"]
[White "Relange, Eloi"]
[Black "Flear, Glenn C"]
[Result "0-1"]
[WhiteElo "2480"]
[BlackElo "2485"]

1.c4 c6 2.d4 d5 3.Nf3 Nf6 4.Nc3 e6 5.Bg5 Nbd7 6.cxd5 exd5 7.e3 Be7 8.Bd3 O-O
9.Qc2 Re8 10.O-O Nf8 11.Rae1 Nh5 12.Bxe7 Rxe7 13.b4 a6 14.a4 Qd6 15.b5 axb5
16.axb5 c5 17.dxc5 Qxc5 18.Rc1 Bg4 19.Nd4 Rd8 20.Bf5 Bxf5 21.Qxf5 g6 22.Qg5 f6
23.Qh4 Qb6 24.Rfd1 Ng7 25.Qf4 f5 26.Nde2 Nh5 27.Qb4 Red7 28.Qb3 Qe6 29.Rd4 Qf7
30.Rcd1 Nf6 31.Nf4 Ne6 32.Nxe6 Qxe6 33.h3 Kg7 34.Ne2 g5 35.Ng3 Kg6 36.Qd3 h5
37.Ne2 Kh6 38.h4 g4 39.Ng3 Ne4 40.Nxe4 fxe4 41.Qb3 Qe5 42.g3 Kg6 43.b6 Rd6
44.Rc1 Qf6 45.Rb4 Rc6 46.Rd1 Rcd6 47.Qb1 Kh6 48.Rb5 R8d7 49.Rc1 Rc6 50.Rxc6 Qxc6
51.Rb2 d4 52.exd4 Rxd4 53.Rc2 Qd5 54.Qc1+ Kg6 55.Kh2 e3 56.Qxe3 Rd1 57.Qg5+ Qxg5
58.hxg5 Rb1 59.Rc8  0-1

[Event "Shavuot Masters"]
[Site "Tel Aviv"]
[Date "1997.06.11"]
[Round "3"]
[White "Godes, Dmitry R"]
[Black "Bykhovsky, Avigdor"]
[Result "1-0"]
[WhiteElo "2400"]
[BlackElo "2420"]

1.c4 c6 2.Nf3 d5 3.e3 e6 4.b3 Nf6 5.Nc3 Nbd7 6.Bb2 Bd6 7.Be2 O-O 8.O-O dxc4
9.bxc4 e5 10.d4 exd4 11.exd4 Re8 12.c5 Bc7 13.Bc4 Nf8 14.d5 cxd5 15.Nxd5 Nxd5
16.Bxd5 Ne6 17.Re1 Bd7 18.Bxb7 Rb8 19.c6 Bc8 20.Qb3 Bxb7 21.cxb7 Bb6 22.Rad1 Qe7
23.Qa4 Rxb7 24.Ba3  1-0

[Event "CZE-ch"]
[Site "Zlin"]
[Date "1997.06.??"]
[Round "6"]
[White "Jirovsky, Milos"]
[Black "Haba, Petr"]
[Result "1/2-1/2"]
[WhiteElo "2505"]
[BlackElo "2520"]

1.c4 c6 2.Nf3 d5 3.Qb3 Nf6 4.g3 e6 5.Bg2 Be7 6.O-O O-O 7.d4 b6 8.Nc3 Ba6
9.cxd5 cxd5 10.Rd1 Nc6 11.Qa4 Bb7 12.Bf4 a6 13.Ne5 b5 14.Qc2 Qb6 15.Nxc6 Bxc6
16.a3 Rfc8 17.Qb3 Bb7 18.Bg5 h6 19.Bxf6 Bxf6 20.e3 Rc4 21.a4 Be7 22.axb5 axb5
23.Rxa8+ Bxa8 24.Qxb5  1/2-1/2

[Event "Politiken Cup"]
[Site "Copenhagen"]
[Date "1997.07.15"]
[Round "10"]
[White "Malekian, Babak"]
[Black "Askgaard, Jens"]
[Result "1-0"]
[WhiteElo "2260"]
[BlackElo "2115"]

1.c4 c6 2.e4 e5 3.Nf3 d6 4.d4 Nd7 5.Nc3 Ngf6 6.Be2 Be7 7.O-O O-O 8.b3 Re8
9.Qc2 Bf8 10.d5 Qc7 11.Ne1 a5 12.Be3 Nb6 13.f3 g6 14.Qd2 Bd7 15.Rd1 Nc8 16.a3 Nh5
17.Nd3 f5 18.b4 axb4 19.axb4 Nf6 20.Ra1 Nb6 21.Nb2 Rxa1 22.Rxa1 cxd5 23.cxd5 Ra8
24.Rxa8 Nxa8 25.Nc4 Qb8 26.b5 Nc7 27.Nb6 Nce8 28.Nxd7 Nxd7 29.exf5 gxf5 30.Bd3 Ng7
31.Qc2 Qc7 32.h3 Nf6 33.Kh2 Be7 34.Bd2 Qc8 35.g4 fxg4 36.hxg4 Qc5 37.Nd1 Qxc2
38.Bxc2 Kf8 39.Ne3 Bd8 40.g5 Nfh5 41.Nc4 Ne8 42.Kh3 Nf4+ 43.Bxf4 exf4 44.Kg4 Nc7
45.Nxd6 Nxd5 46.Nxb7 Bc7 47.Bxh7 Kg7 48.Be4 Ne3+ 49.Kh5 Nc4 50.Nc5 Be5 51.g6 Kh8
52.Nd7 Bd4 53.Kg5 Nd6 54.Bd3 Kg7 55.Be2 Nc8 56.Nb8 Ne7 57.Bd3 Nd5 58.Nc6 Be3
59.Nd8 Nc7 60.Kf5 Bb6 61.Ne6+ Nxe6 62.Kxe6 Ba5 63.Kd6  1-0

[Event "Wch U20 Girls"]
[Site "Zagan"]
[Date "1997.07.15"]
[Round "2"]
[White "Pitam, Ela"]
[Black "Li Ruofan"]
[Result "0-1"]
[WhiteElo "2365"]
[BlackElo "2245"]

1.c4 c6 2.d4 d5 3.e3 Bf5 4.Nc3 Nf6 5.Nf3 e6 6.Be2 h6 7.O-O Bd6 8.c5 Bc7 9.b4 a6
10.a4 Nbd7 11.Bb2 O-O 12.b5 axb5 13.axb5 Rxa1 14.Qxa1 e5 15.dxe5 Nxe5 16.Qa4 Nfg4
17.Nxe5 Nxe5 18.bxc6 bxc6 19.f4 Nc4 20.Bxc4 dxc4 21.Qxc6 Qd2 22.Nd5 Bd3 23.Bc3 Qc2
24.Rf3 Bd8 25.h3 Bh7 26.Qd7 Bf5 27.Qd6 Be4 28.Qe5 f6 29.Qe6+ Kh8 30.Qe7 Rg8
31.Nb4 Qc1+ 32.Rf1 Qa3 33.Kh1 Bxg2+  0-1

[Event "Wch U20"]
[Site "Zagan"]
[Date "1997.07.16"]
[Round "3"]
[White "Putka, Verner"]
[Black "Delemarre, Jop"]
[Result "1-0"]
[WhiteElo "2220"]
[BlackElo "2395"]

1.c4 c6 2.e4 d5 3.exd5 cxd5 4.cxd5 Nf6 5.Nc3 Nxd5 6.d4 e6 7.Nf3 Bb4 8.Bd2 Nc6
9.Bd3 Be7 10.O-O O-O 11.a3 Bf6 12.Qc2 g6 13.Bh6 Re8 14.Rad1 Nxc3 15.bxc3 b6
16.Be4 Bb7 17.Ne5 Rc8 18.Qa4 Qc7 19.Bf4 Nxe5 20.Bxb7 Nf3+ 21.Bxf3 Qxf4 22.Rfe1 Re7
23.Re3 Rec7 24.g3 Qf5 25.d5 b5 26.Qxb5 Rxc3 27.Be4 Qe5 28.Ree1 Qb8 29.Qe2 exd5
30.Bxd5 R3c7 31.Rb1  1-0

[Event "Komercni Banka op"]
[Site "Pardubice"]
[Date "1997.07.25"]
[Round "9"]
[White "Donk, Merlijn Silvester"]
[Black "Lingnau, Carsten"]
[Result "1-0"]
[WhiteElo "2310"]
[BlackElo "2425"]

1.c4 c6 2.Nf3 d5 3.d4 Nf6 4.Nc3 e6 5.Bg5 h6 6.Bh4 dxc4 7.e4 g5 8.e5 Nd5 9.Bg3 Bb4
10.Rc1 b5 11.h4 Qa5 12.hxg5 Nxc3 13.bxc3 Bxc3+ 14.Ke2 Ba6 15.Rxh6 Rxh6 16.gxh6 Nd7
17.Qc2 b4 18.Bh4 Nb6 19.Qh7 Qxa2+ 20.Rc2 Qb1 21.Qg8+ Kd7 22.Qxf7+ Kc8 23.Qxe6+ Kb7
24.Qf7+ Kb8 25.Ne1 Bxe1 26.e6 Qxc2+ 27.Kf3 Qc3+ 28.Kg4 Qxd4+ 29.Kh3 Nc8 30.Bg3+ Nd6
31.Qd7 Bc8 32.Bxd6+ Qxd6 33.Qxd6+  1-0

[Event "Wch U20"]
[Site "Zagan"]
[Date "1997.07.25"]
[Round "11"]
[White "Kunte, Abhijit"]
[Black "Schneider, Stefan"]
[Result "1-0"]
[WhiteElo "2430"]
[BlackElo "2305"]

1.c4 c6 2.e4 e5 3.Nf3 Qa5 4.Nc3 Nf6 5.Be2 Bb4 6.Qc2 O-O 7.O-O Re8 8.a3 Bf8
9.d4 exd4 10.Nxd4 d6 11.h3 Nbd7 12.Bf4 Ne5 13.Bh2 a6 14.Rfd1 Qc7 15.Rac1 b6
16.f4 Ng6 17.Nf3 Nd7 18.Kh1 Bb7 19.Nd4 Rad8 20.Nf5 Bc8 21.Bf3 Nc5 22.b4 Nb7
23.Qf2 Be6 24.Nd5 Bxd5 25.cxd5 c5 26.Nd4 Ra8 27.h4 Qd8 28.Nf5 Ne7 29.Ne3 Rc8
30.e5 cxb4 31.axb4 a5 32.e6 f5 33.Rb1 g6 34.Be2 axb4 35.Rxb4 Nc5 36.Bf3 Bg7
37.Nc4 Rb8 38.Bg1 b5 39.Nxd6 Qxd6 40.Qxc5 Red8  1-0

[Event "RUS-Cup10"]
[Site "Tomsk"]
[Date "1997.07.28"]
[Round "7"]
[White "Balashov, Yuri S"]
[Black "Galkin, Alexander"]
[Result "1/2-1/2"]
[WhiteElo "2550"]
[BlackElo "2540"]

1.c4 c6 2.e4 d5 3.exd5 cxd5 4.d4 Nf6 5.Nc3 e6 6.Nf3 Be7 7.Bf4 O-O 8.c5 b6
9.b4 Ne4 10.Qc2 Nc6 11.Rb1 bxc5 12.bxc5 Qa5 13.Bd2 Nxd4 14.Nxd4 Nxd2 15.Qxd2 Qxc5
16.Rc1 Bf6 17.Nf3 Qa3 18.Be2 Rb8 19.Nb5 Qa4 20.Nbd4 Ba6 21.Nb3 Bxe2 22.Qxe2 Qb4+
23.Qd2 Qe4+ 24.Qe2 Qb4+ 25.Nfd2 Qa3 26.Nb1  1/2-1/2

[Event "AUT-ch (Women)"]
[Site "Gallspach"]
[Date "1997.07.29"]
[Round "2"]
[White "Schwaninger, Ulrike"]
[Black "Hackbarth, Christa"]
[Result "1/2-1/2"]
[WhiteElo "1776"]
[BlackElo "1729"]

1.c4 c6 2.d4 d5 3.e3 Nf6 4.Nf3 Bf5 5.cxd5 Qxd5 6.Nc3 Qd8 7.Bd2 Nbd7 8.Be2 e6
9.a3 Be7 10.O-O O-O 11.b4 Nd5 12.Qb3 N7f6 13.Nxd5 cxd5 14.b5 Ne4 15.Bb4 Rc8
16.Rac1 Bxb4 17.Qxb4 Bg4 18.a4 Rc7 19.a5 Qc8 20.Rxc7 Qxc7 21.b6 axb6 22.Qxb6 Qxb6
23.axb6 Rc8 24.Ra1 Kf8 25.Bd3 Bxf3 26.gxf3 Nd6 27.Kf1 Rc3 28.Ra8+ Ke7 29.Ke2 Rb3
30.h4 Rb2+ 31.Ke1 Rxb6 32.Rh8 h6 33.h5 Ne8 34.Rg8 Rb2 35.f4 Ra2 36.Bb5 Ra8
37.Bxe8 Rxe8 38.Rxg7 Rh8 39.Kd2 Kf6 40.Rg1 Rc8 41.Rb1 Rc7 42.f3 Kf5 43.Rb6 Kf6
44.e4 Rd7 45.Kd3 Kg7 46.Ke3 Kf8 47.f5 exf5 48.Rxh6 dxe4 49.fxe4 fxe4 50.Kxe4 Kg7
51.Rb6 f6 52.d5 Kf7 53.Rb1 Re7+ 54.Kd4  1/2-1/2

[Event "AUT-ch (Women)"]
[Site "Gallspach"]
[Date "1997.07.31"]
[Round "4"]
[White "Fauland Borek, Jutta"]
[Black "Lukan, Dunja"]
[Result "1/2-1/2"]
[WhiteElo "2093"]
[BlackElo "1804"]

1.c4 c6 2.g3 d5 3.Bg2 Nf6 4.Nf3 g6 5.b3 Bg7 6.Bb2 O-O 7.O-O Bf5 8.d3 dxc4
9.bxc4 Qc8 10.Nbd2 Bh3 11.Rb1 Bxg2 12.Kxg2 c5 13.h3 Rd8 14.Qc2 Nc6 15.a3 Ne8
16.Bxg7 Nxg7 17.Ne4 b6 18.Qd2 Qd7 19.g4 f6 20.Rg1 Nd4 21.Nxd4 Qxd4 22.Rbd1 Qd7
23.e3  1/2-1/2

[Event "AUT-ch (Women)"]
[Site "Gallspach"]
[Date "1997.08.02"]
[Round "6"]
[White "Hapala, Michaela"]
[Black "Hackbarth, Christa"]
[Result "0-1"]
[WhiteElo "1842"]
[BlackElo "1729"]

1.c4 c6 2.d4 d5 3.e3 Nf6 4.Nc3 Nbd7 5.f4 e6 6.a3 dxc4 7.Bxc4 c5 8.d5 Nb6
9.Bb5+ Ke7 10.dxe6 Qxd1+ 11.Nxd1 Bxe6 12.Nc3 Nfd5 13.Ne4 c4 14.b3 Rc8 15.bxc4 Nxc4
16.Kf2 f6 17.Ne2 Ndb6 18.Nd4 a6 19.Nxe6 Kxe6 20.Bxc4+ Nxc4 21.Rd1 Be7 22.Rd3 Rhd8
23.Rxd8 Rxd8 24.Ke2 Rc8 25.a4 Na5 26.Rb1 Rc4 27.Kf3 Rxa4 28.Bd2 b5 29.g4 Nc4
30.f5+ Kf7 31.Bc3 Ra3 32.Bd4 Ra2 33.Ra1 Rxa1 34.Bxa1 b4 35.Bd4 b3 36.Nc3 Bb4
37.Nb1 a5 38.Ke2 a4 39.Kd3 Ne5+ 40.Bxe5 fxe5 41.Kc4 Be7 42.Nc3 b2 43.Nb1 Kf6
44.Kc3 Kg5 45.Kxb2 Kxg4 46.Nc3 a3+ 47.Kb3 Kxf5 48.Kc4 Kg4 49.Kb3 Kh3 50.Nd5 Bd6
51.e4 Kxh2 52.Ne3 g5 53.Nc4 Bc7 54.Kxa3 g4 55.Kb3 g3 56.Nd2  0-1

[Event "MK Cafe op-A"]
[Site "Koszalin"]
[Date "1997.08.04"]
[Round "2"]
[White "Vaulin, Alexander"]
[Black "Pedersen, Daniel Vesterbaek"]
[Result "1-0"]
[WhiteElo "2530"]
[BlackElo "2325"]

1.c4 c6 2.e4 d5 3.cxd5 cxd5 4.exd5 Nf6 5.Bb5+ Nbd7 6.Nc3 a6 7.Qa4 Rb8 8.Bxd7+ Qxd7
9.Qf4 Ra8 10.Nf3 Nxd5 11.Nxd5 Qxd5 12.O-O g6 13.Re1 Bg7 14.d4 e6 15.b3 O-O
16.Ba3 Rd8 17.Ne5 f5 18.Qg5 b6 19.Nc6 Re8 20.Ne7+ Rxe7 21.Qxe7 Bd7 22.Qd6 Qb5
23.Bb2 Bf8 24.Qe5 Qxe5 25.dxe5 Bc6 26.Bd4 b5 27.Rec1 Rc8 28.Rc2 Ba3 29.Rd1 Kf7
30.Bb6 Ke8 31.f3 Bf8 32.Rd8+ Rxd8 33.Bxd8 Kd7 34.Bb6 Bg7 35.Bd4 Bd5 36.Kf2 h5
37.h4 Bh6 38.Be3 Bg7 39.f4 Bf8 40.Bc5 Bh6 41.Be3 Be4 42.Rd2+ Kc6 43.Bd4 Bd5
44.Rc2+ Kd7  1-0

[Event "MK Cafe op-A"]
[Site "Koszalin"]
[Date "1997.08.05"]
[Round "4"]
[White "Ribli, Zoltan"]
[Black "Mirzoev, Azer"]
[Result "1-0"]
[WhiteElo "2570"]
[BlackElo "2430"]

1.c4 c6 2.d4 d5 3.Nf3 Nf6 4.Nc3 dxc4 5.a4 Bf5 6.Ne5 Na6 7.e3 Nb4 8.Bxc4 e6
9.O-O Nd7 10.Nxd7 Qxd7 11.e4 Bg6 12.d5 exd5 13.exd5 O-O-O 14.Be3 Kb8 15.dxc6 Nxc6
16.Qe2 Qf5 17.Bb5 Ne5 18.Rfd1 Bd6 19.Rd5 Bc7 20.Rad1 f6 21.Rxd8+ Rxd8 22.Rxd8+ Bxd8
23.Qd1 Bc7 24.Qd4 b6 25.h3 Nf7 26.Qc4 Qc8 27.a5 Ne5 28.Qb4  1-0

[Event "MK Cafe op-A"]
[Site "Koszalin"]
[Date "1997.08.05"]
[Round "4"]
[White "Teske, Henrik"]
[Black "Pedersen, Daniel Vesterbaek"]
[Result "1/2-1/2"]
[WhiteElo "2515"]
[BlackElo "2325"]

1.c4 c6 2.Nf3 d5 3.d4 Nf6 4.Nc3 e6 5.cxd5 exd5 6.Bg5 h6 7.Bh4 Bf5 8.Qb3 g5
9.Bg3 Qb6 10.Nd2 Nbd7 11.f3 Bg7 12.Qxb6  1/2-1/2

[Event "Holger Blomstrand's op"]
[Site "Goeteborg"]
[Date "1997.08.09"]
[Round "1"]
[White "Pribyl, Josef"]
[Black "Akesson, Joel"]
[Result "1-0"]
[WhiteElo "2430"]
[BlackElo "2215"]

1.c4 c6 2.e4 d5 3.exd5 cxd5 4.cxd5 Nf6 5.Nc3 Nxd5 6.Bc4 Nb6 7.Bb3 Nc6 8.Nf3 e5
9.O-O Bd6 10.d4 exd4 11.Re1+ Be7 12.Nb5 O-O 13.Bf4 Bg4 14.h3 Bh5 15.g4 Bg6
16.Nfxd4 Nxd4 17.Qxd4 Qxd4 18.Nxd4 Bb4 19.Red1 Rac8 20.a3 Be7 21.Re1 Bf6
22.Be5 Bxe5 23.Rxe5 Rfe8 24.Rae1 Rxe5 25.Rxe5 Kf8 26.Nb5 Rc1+ 27.Kg2 f6 28.Re3 Rb1
29.Nd6 Rxb2 30.Kg3 Rd2 31.Nxb7 Nd5 32.Bxd5 Rxd5 33.f3 Rb5 34.Nd8 Bf7 35.Nxf7 Kxf7
36.h4 Ra5 37.Rc3 Kg6 38.h5+ Kh6 39.Kh4 g6 40.Rc6 gxh5 41.Rxf6+ Kg7 42.g5 Rxa3
43.Kxh5 Rb3 44.f4 Rb7 45.Rc6 Rd7 46.f5 a5 47.Ra6 Rd5 48.f6+ Kg8 49.Ra8+ Kf7
50.Ra7+ Ke6 51.Re7+ Kd6 52.Rxh7 a4 53.Ra7 Rd4 54.f7  1-0

[Event "MK Cafe op-A"]
[Site "Koszalin"]
[Date "1997.08.10"]
[Round "9"]
[White "Ferenc, Jozef"]
[Black "Jonczyk, Jerzy"]
[Result "1-0"]
[WhiteElo "2280"]
[BlackElo "2230"]

1.c4 c6 2.d4 d5 3.Nc3 Nf6 4.Bg5 Ne4 5.Nxe4 dxe4 6.Qd2 Bf5 7.e3 Nd7 8.Ne2 h6
9.Bh4 g5 10.Bg3 Bg7 11.Nc3 Bg6 12.Be2 O-O 13.h4 e5 14.d5 f5 15.hxg5 hxg5
16.O-O-O Nc5 17.b4 Na6 18.Qb2 Qf6 19.dxc6 bxc6 20.c5 Nc7 21.Bc4+ Bf7 22.Rd6 Bxc4
23.Rxf6 Bxf6 24.f3 exf3 25.gxf3 Kg7 26.Qg2 Kg6 27.e4 Be6 28.exf5+ Bxf5 29.Ne4 Bxe4
30.fxe4 Ne6 31.Qh3 Rh8 32.Qf5+ Kf7 33.Rf1 Nf4 34.Bxf4 gxf4 35.Qd7+ Be7 36.Qxc6 Rag8
37.Rf2 Rg1+ 38.Kb2 Rhh1 39.Qd5+ Kf6 40.Qd7 Kf7 41.Qf5+ Bf6 42.Rd2 Rb1+ 43.Ka3  1-0

[Event "MK Cafe op-A"]
[Site "Koszalin"]
[Date "1997.08.10"]
[Round "9"]
[White "McNab, Colin Anderson"]
[Black "Gdanski, Jacek"]
[Result "0-1"]
[WhiteElo "2490"]
[BlackElo "2505"]

1.c4 c6 2.Nf3 d5 3.e3 Nf6 4.Nc3 g6 5.b3 Bg7 6.Bb2 O-O 7.Be2 Bg4 8.d4 Ne4
9.Nxe4 dxe4 10.Nd2 Bxe2 11.Qxe2 f5 12.g4 e6 13.h4 Na6 14.Bc3 Nc5 15.O-O-O Nd3+
16.Kb1 c5 17.gxf5 exf5 18.Nf3 f4 19.exf4 Rxf4 20.Ng5 Nxf2 21.Rdf1 Qf6 22.Rh2 Rf8
23.Rfxf2 Rxf2 24.Nxe4 Rf1+ 25.Kb2 Qf4 26.Nxc5 Qc1+  0-1

[Event "USA-ch G2"]
[Site "Chandler"]
[Date "1997.08.25"]
[Round "3"]
[White "Schwartzman, Gabriel"]
[Black "Kaidanov, Grigory S"]
[Result "0-1"]
[WhiteElo "2515"]
[BlackElo "2600"]

1.c4 c6 2.e4 d5 3.cxd5 cxd5 4.exd5 Nf6 5.Qa4+ Nbd7 6.Nc3 g6 7.Nf3 Bg7 8.Qb3 O-O
9.Bc4 Nc5 10.Qa3 Nce4 11.O-O Nd6 12.d3 a6 13.Re1 Rb8 14.Ne5 Nd7 15.Nxd7 Bxd7
16.Ne4 b5 17.Nxd6 exd6 18.Bb3 Qb6 19.Be3 b4 20.Bxb6 bxa3 21.Bc7 axb2 22.Rab1 Rbc8
23.Bxd6 Rfe8 24.Red1 Bg4 25.f3 Bd7 26.Kf1 Bf5 27.Bc4 Bc3 28.Ba3 Rb8 29.d6 a5
30.Bb3 Bd7 31.Bc5 h5 32.Bf2 a4 33.Bc2 a3 34.Bc5 Ra8 35.Bb3 Reb8 36.Bd5 Ra5
37.d4 Bb5+ 38.Kf2 Ba4 39.Be4 Bxd1 40.Rxd1 Bb4 41.d7 Bxc5 42.dxc5 Rd8 43.c6 Rc5
44.g4 hxg4 45.fxg4 f5 46.gxf5 gxf5  0-1

[Event "EU-ch U20 Girls"]
[Site "Tallinn"]
[Date "1997.09.11"]
[Round "2"]
[White "Aksiuczyc, Monika"]
[Black "Tkeshelashvili, Sofia"]
[Result "1/2-1/2"]
[WhiteElo "2180"]
[BlackElo "2270"]

1.c4 c6 2.e4 e6 3.e5 d6 4.exd6 Bxd6 5.d4 e5 6.Nc3 Qe7 7.d5 Bf5 8.Nge2 Bg6
9.Ng3 f5 10.h4 h6 11.Be2 Nf6 12.Nh5 O-O 13.Nxf6+ Qxf6 14.Qb3 Na6 15.h5 Bf7
16.Be3 Nc5 17.Bxc5 Bxc5 18.Qxb7 Rab8 19.Qxc6 Qxc6 20.dxc6 Rxb2 21.Nd5 Rc8
22.Rh3 Rxc6 23.Rb3 Rxb3 24.axb3 Kf8 25.g4 Bxd5 26.cxd5 Rd6 27.gxf5 Rxd5 28.Bc4 Rd4
29.Be6 Rh4 30.Rd1 Bd4 31.Rc1 Rh1+ 32.Kd2 Rxc1 33.Kxc1 Bxf2 34.Kd2 e4 35.Bd5 e3+
36.Kd3 Ke7 37.Bf3 Kf6 38.Ke4  1/2-1/2

[Event "EU-ch U20 Girls"]
[Site "Tallinn"]
[Date "1997.09.13"]
[Round "4"]
[White "Trofimova, Olga"]
[Black "Iltchouk, Elena"]
[Result "1-0"]
[WhiteElo "2335"]
[BlackElo "2180"]

1.c4 c6 2.e4 e5 3.Nf3 Nf6 4.Nc3 Bb4 5.Qc2 O-O 6.a3 Bxc3 7.dxc3 d5 8.exd5 cxd5
9.Bg5 dxc4 10.Bxc4 Bg4 11.Nh4 Qc7 12.Ba2 Qc6 13.O-O h6 14.Bxh6 Nh7 15.Be3 Qf6
16.g3 Nc6 17.f4 e4 18.Bd5 Rfe8 19.Bxe4 Nf8 20.Rae1 Rad8 21.Bg2 a6 22.f5 Bd1
23.Rxd1 Rxe3 24.Rxd8 Qxd8 25.f6 g6 26.Qb3 Qd7 27.Qd5 Qxd5 28.Bxd5 Re2 29.b3 Re3
30.Rc1 Nd8 31.Ng2 Re5 32.c4 Rf5 33.Ne3 Rxf6 34.Ng4 Rd6 35.c5  1-0

[Event "EU-ch U20"]
[Site "Tallinn"]
[Date "1997.09.17"]
[Round "8"]
[White "Ruck, Robert"]
[Black "Marzolo, Cyril"]
[Result "1/2-1/2"]
[WhiteElo "2465"]
[BlackElo "2320"]

1.c4 c6 2.d4 d5 3.Nf3 Nf6 4.Nc3 a6 5.g3 b5 6.c5 Nbd7 7.Bg2 g6 8.O-O Bg7 9.Bf4 O-O
10.Ne5 Nxe5 11.Bxe5 Be6 12.Qd2 Qd7 13.f3 Bh3 14.a4 Bxg2 15.Kxg2 b4 16.Na2 a5
17.Nc1 Nh5 18.Bxg7 Nxg7 19.Nb3 f5 20.Rac1 Ne6 21.e3 Nd8  1/2-1/2

[Event "Brazil op"]
[Site "Pouso Alegre"]
[Date "1997.10.03"]
[Round "4"]
[White "Matsuura, Everaldo"]
[Black "Dos Santos, Haroldo C"]
[Result "1/2-1/2"]
[WhiteElo "2390"]
[BlackElo "2270"]

1.c4 c6 2.e4 d5 3.exd5 cxd5 4.d4 Nc6 5.cxd5 Qxd5 6.Nf3 Bg4 7.Be2 e6 8.O-O Bd6
9.h3 h5 10.Nc3 Qf5 11.d5 exd5 12.Qxd5 Qxd5 13.Nxd5 O-O-O 14.Be3 f6 15.hxg4 hxg4
16.Rfd1 gxf3 17.Bxf3 Kb8 18.Nf4 Ne5 19.Be2 g5 20.Ne6 Rd7 21.f3 Ne7 22.Nc5 Rdd8
23.Ne4 Nf5 24.Bf2 Be7 25.Rxd8+ Rxd8 26.Rd1 Rxd1+ 27.Bxd1 Nd3  1/2-1/2

[Event "Bayer op"]
[Site "Leverkusen"]
[Date "1997.10.05"]
[Round "7"]
[White "Christiansen, Larry Mark"]
[Black "Bagirov, Vladimir"]
[Result "1/2-1/2"]
[WhiteElo "2550"]
[BlackElo "2495"]

1.c4 c6 2.e4 d5 3.exd5 cxd5 4.d4 Nf6 5.Nc3 e6 6.Nf3 Bb4 7.cxd5 Nxd5 8.Qb3 Nc6
9.Bd2 Qb6 10.Nxd5 exd5 11.Bxb4 Qxb4+ 12.Qxb4 Nxb4 13.Kd2 f6 14.a3 Nc6 15.Bb5 Bd7
16.Bxc6 Bxc6 17.Rac1 Kd7 18.Ne1 Kd6 19.Nc2 Bd7 20.Ne3  1/2-1/2

[Event "AUT-chT 9798"]
[Site "Austria"]
[Date "1997.10.13"]
[Round "2"]
[White "Schroll, Gerhard"]
[Black "Duer, Werner"]
[Result "1-0"]
[WhiteElo "2405"]
[BlackElo "2330"]

1.c4 c6 2.Nf3 d5 3.e3 Nf6 4.Nc3 g6 5.d4 Bg7 6.Bd3 O-O 7.h3 dxc4 8.Bxc4 b5
9.Be2 Nbd7 10.O-O Bb7 11.Bd2 a6 12.b4 Qb8 13.a4 e5 14.Qb3 exd4 15.exd4 Nh5
16.Rfe1 Nf4 17.Bf1 c5 18.dxc5 Bxf3 19.gxf3 Bd4 20.Ne4 bxa4 21.Rxa4 Nxc5 22.Bxf4 Nxb3
23.Bxb8 Rfxb8 24.Bc4 Na1 25.Nd6 Ra7 26.Nxf7 Rc7 27.Nd6+ Kf8 28.Rxa6 Nc2 29.Re4 Bb6
30.Nb5 Re7 31.Rxe7 Kxe7 32.Ra4 Nd4 33.Nxd4 Bxd4 34.Kf1 Bc3 35.b5 Bd4 36.Ra6 Bb6
37.Ke2 Kd6 38.Ra3 Kc5 39.Bd3 Re8+ 40.Kf1  1-0

[Event "Budapest FS10 IM-B"]
[Site "Budapest"]
[Date "1997.10.17"]
[Round "13"]
[White "Schmidt, Jan Peter"]
[Black "Becher, Helmut"]
[Result "1-0"]
[WhiteElo "2260"]
[BlackElo "2255"]

1.c4 c6 2.e4 d5 3.exd5 Nf6 4.d4 cxd5 5.Nc3 e6 6.Nf3 Bb4 7.cxd5 exd5 8.Bd3 O-O
9.O-O a6 10.Bg5 Bxc3 11.bxc3 h6 12.Bh4 Bg4 13.Re1 Nbd7 14.h3 Bh5 15.Bf5 g5
16.Bg3 Rc8 17.Qd3 Qa5 18.Ne5 Rxc3 19.Nxd7 Nxd7 20.Qb1 Nf6 21.Bd6 Re8 22.Rxe8+  1-0

[Event "AUT-chT3 9798"]
[Site "Vorarlberg "]
[Date "1997.10.17"]
[Round "2"]
[White "Amann, Harald"]
[Black "Atlas, Dimitry"]
[Result "0-1"]
[WhiteElo "2040"]
[BlackElo "2315"]

1.c4 c6 2.d4 d5 3.Bf4 Nf6 4.Nc3 e6 5.Nf3 dxc4 6.a4 Nd5 7.Bd2 Be7 8.e4 Nxc3
9.Bxc3 b5 10.Qd2 O-O 11.b3 cxb3 12.axb5 Bb7 13.bxc6 Bxc6 14.Bd3 Nd7 15.O-O Nf6
16.Rfe1 Qb6 17.Ra5 Rab8 18.Rg5 Bxe4 19.Rb5 Qxb5 20.Bxb5 Rxb5 21.Ng5 Bf5 22.g4 Bxg4
23.Qf4 Bh5  0-1

[Event "BCF-chT 97/98 (4NCL)"]
[Site "GBR"]
[Date "1997.10.25"]
[Round "1"]
[White "Morris, Charles F"]
[Black "Kelly, Bryan"]
[Result "1/2-1/2"]
[WhiteElo "2245"]
[BlackElo "2390"]

1.c4 c6 2.Nf3 d5 3.cxd5 cxd5 4.d4 Nf6 5.Nc3 Nc6 6.Bf4 Ne4 7.e3 Nxc3 8.bxc3 g6
9.Ne5 Bg7 10.Bb5 Bd7 11.Bxc6 bxc6 12.Qa4 f6 13.Nxd7 Qxd7 14.O-O O-O 15.Rab1 e5
16.Bg3 Rab8 17.Rb3 Rb6 18.dxe5 fxe5 19.e4 Rf7 20.Rd1 Qe6 21.Rxb6 axb6 22.exd5 cxd5
23.Qa8+ Rf8 24.Qxd5 Qxd5 25.Rxd5 e4 26.Bc7 Ra8 27.Rd8+ Rxd8 28.Bxd8 b5 29.Ba5 Kf7
30.Kf1 Ke6 31.Ke2 Kd5 32.Kd2 h5 33.Kc2 Kc4 34.h3 Bf6 35.Kd2 Bg5+ 36.Kc2 Bf6
37.Kd2 Bg5+ 38.Kc2 Bf6 39.Kd2 Bg5+  1/2-1/2

[Event "Hellir op"]
[Site "Reykjavik"]
[Date "1997.10.26"]
[Round "3"]
[White "Bjarnason, Saevar"]
[Black "Kjartansson, David"]
[Result "1-0"]
[WhiteElo "2265"]
[BlackElo "2130"]

1.c4 c6 2.e4 g6 3.Nc3 Bg7 4.Nf3 d6 5.d4 Nd7 6.Be2 Qc7 7.O-O Ngf6 8.h3 a6
9.Be3 O-O 10.Rc1 e5 11.dxe5 dxe5 12.c5 Rd8 13.Qc2 Nf8 14.Rfd1 Bd7 15.Na4 Be6
16.Nb6 Rxd1+ 17.Rxd1 Re8 18.Nc4 Bxc4 19.Bxc4 h6 20.b4 Nh5 21.Qd2 g5 22.Qd6 Qxd6
23.Rxd6 Nf6 24.Nd2 N8d7 25.f3 Bf8 26.Rd3 a5 27.a3 Rb8 28.Ba2 axb4 29.axb4 b6
30.cxb6 Nxb6 31.Rc3 Nbd7 32.Rxc6 Bxb4 33.Nc4 Kg7 34.Kh2 Rb7 35.Bf2 Nh5 36.g3 Be7
37.Kg2 Nhf6 38.Kf1 Nh7 39.Ne3 Ndf6 40.Nf5+ Kg6 41.Bb6 Ba3 42.g4 Rd7 43.Ke2 Bb4
44.Be3 h5 45.h4 hxg4 46.fxg4 gxh4 47.Nxh4+ Kg7 48.Nf5+ Kg6 49.Bd5 Be7 50.Bc4 Bd8
51.Ra6 Rb7 52.Nd6 Rd7 53.Kf3 Bc7 54.Nxf7 Kg7 55.Bh6+ Kg6 56.g5 Nxg5+ 57.Bxg5 Rxf7
58.Bxf7+ Kxg5 59.Rc6 Bb8 60.Rc1 Nd7 61.Be6 Nf6 62.Rg1+ Kh5 63.Bf7+ Kh4 64.Rg6 Nd7
65.Rg4+  1-0

[Event "Bahn-chT S+W"]
[Site "Friedrichroda"]
[Date "1997.10.29"]
[Round "5.4"]
[White "Kuebert, Bernhard"]
[Black "Eberth, Manfred"]
[Result "0-1"]
[WhiteElo "1904"]
[BlackElo "2019"]

1.c4 c6 2.e4 d5 3.exd5 cxd5 4.d4 Nf6 5.Nf3 g6 6.Be2 Bg7 7.O-O O-O 8.Nc3 dxc4
9.Bxc4 a6 10.Re1 Bg4 11.Be2 Nc6 12.Be3 Qd6 13.h3 Bf5 14.Qd2 Rad8 15.Rad1 Nd5
16.Bh6 Rfe8 17.Bxg7 Kxg7 18.Bc4 Nb6 19.Bb3 Na5 20.Bc2 Nac4 21.Qc1 Bxc2 22.Qxc2 Rc8
23.b3 Na3 24.Qb2 Qb4 25.Ne4 Rc2 26.Qa1 f6 27.Rc1 Rec8 28.Rxc2 Nxc2 29.a3 Qxe1+
30.Qxe1 Nxe1 31.Nxe1 Rc1 32.Kf1 Nd5 33.Ke2 b6 34.Kd2 Ra1 35.Nf3 Rg1 36.g3 g5
37.Kd3 Rh1 38.Kc4 Nc7 39.d5 Rxh3 40.Nd4 Rh1 41.Nf5+ Kf8 42.d6 Rc1+ 43.Kd3 exd6
44.Nfxd6 Kg7 45.Nf5+ Kg6 46.Ne7+ Kf7 47.Nf5 h5 48.f4 Rd1+ 49.Ke2 Rd5 50.Ne3 Rd4
51.Nc3 gxf4 52.gxf4 Rxf4 53.Na4 b5 54.Nc5 h4 55.Ng2 Rg4 56.Kf3 f5 57.Nd3 Rg3+
58.Kf4 Rxd3 59.Nxh4 Rxb3  0-1

[Event "Hellir op"]
[Site "Reykjavik"]
[Date "1997.10.29"]
[Round "6"]
[White "Edvardsson, Kristjan"]
[Black "Fredericia, Louise"]
[Result "1-0"]
[WhiteElo "2210"]
[BlackElo "2100"]

1.c4 c6 2.d4 d5 3.Nf3 Nf6 4.cxd5 Nxd5 5.e4 Nc7 6.Nc3 Bg4 7.Be2 e6 8.h3 Bh5
9.Bf4 Nba6 10.O-O Be7 11.Qd2 O-O 12.Rfd1 Bxf3 13.Bxf3 Bf6 14.a3 Re8 15.e5 Be7
16.b4 Qd7 17.Be4 Rab8 18.Rac1 Na8 19.Qc2 g6 20.g3 Nb6 21.h4 Nc7 22.h5 Bf8
23.Kg2 Ncd5 24.Bg5 Be7 25.Bd2 Bf8 26.Qd3 Nxc3 27.Bxc3 Nd5 28.Bd2 Ne7 29.Bg5 Rbc8
30.g4 Nd5 31.Rh1 Bg7 32.Qd2 f6 33.exf6 Nxf6 34.Bxf6 Bxf6 35.hxg6 hxg6 36.Bxg6 Re7
37.Rcd1 Rg7 38.Qh6 Rd8 39.Qh8+  1-0